[Event "Mundial Juvenil 2005 s10"]
[Site "Belfort FRA"]
[Date "2005.07.21"]
[Round "3.12"]
[White "Rishi, Thariani"]
[Black "Laurusas, Tomas"]
[Result "1-0"]
[WhiteElo "1785"]
[BlackElo "1599"]
[PlyCount "123"]
[EventDate "2005.07.19"]
[EventType "swiss"]
[EventRounds "11"]
[EventCountry "FRA"]
[Source "lmi"]
[SourceDate "2005.07.31"]

1. e4 c6 2. d4 d5 3. exd5 cxd5 4. c4 Nf6 5. Nc3 g6 6. c5 Bg7 7. Bb5+ Nc6 8. f3
O-O 9. Bxc6 bxc6 10. Nge2 Nd7 11. Be3 e5 12. O-O Re8 13. dxe5 Nxe5 14. Bd4 Qc7
15. b3 Ba6 16. f4 Ng4 17. Bxg7 Kxg7 18. Qd4+ Kg8 19. Rfe1 Nh6 20. Rac1 Nf5 21.
Qf2 Qa5 22. g4 Ne3 23. Nd4 Nxg4 24. Rxe8+ Rxe8 25. Qh4 Re3 26. Qxg4 Rxc3 27.
Re1 Qxc5 28. Re8+ Kg7 29. f5 Qd6 30. f6+ Qxf6 31. Nf5+ Qxf5 32. Qd4+ Qf6 33.
Rg8+ Kxg8 34. Qxf6 Rc1+ 35. Kg2 Rc2+ 36. Kg3 Bd3 37. Qd4 Be4 38. Qxa7 h5 39.
Kf4 Rc3 40. Qb8+ Kh7 41. Ke5 Rf3 42. a4 Rf5+ 43. Kd4 Rf6 44. a5 g5 45. Qd8 Kg7
46. Kc5 Bd3 47. Qc8 d4 48. a6 Bf5 49. Qb8 d3 50. a7 Bd7 51. a8=Q Rf5+ 52. Kc4
Be6+ 53. Kxd3 Rd5+ 54. Ke3 Kf6 55. Qh8+ Kf5 56. Qh7+ Ke5 57. Qb8+ Kf6 58. Qhh8+
Kf5 59. Qg3 f6 60. Qf3+ Ke5 61. Qb8+ Rd6 62. Qe4# 1-0

[Event "Mundial Juvenil 2005 s10"]
[Site "Belfort FRA"]
[Date "2005.07.21"]
[Round "3.13"]
[White "Monev, Aleksabdar"]
[Black "Vasile, Claudiu Daniel"]
[Result "0-1"]
[WhiteElo "1599"]
[BlackElo "1694"]
[PlyCount "103"]
[EventDate "2005.07.19"]
[EventType "swiss"]
[EventRounds "11"]
[EventCountry "FRA"]
[Source "lmi"]
[SourceDate "2005.07.31"]

1. c4 e5 2. Nc3 Nc6 3. Nf3 g6 4. g3 Bg7 5. Bg2 d6 6. O-O Nge7 7. d3 O-O 8. Rb1
a5 9. a3 Nd4 10. b4 axb4 11. axb4 c6 12. Nd2 Be6 13. e3 Ndf5 14. Nde4 d5 15.
Nc5 Qc7 16. Nxe6 fxe6 17. Qb3 Rfd8 18. Bb2 Kh8 19. b5 Qd7 20. Na4 Qc7 21. b6
Qc8 22. Nc5 Ra5 23. Bc3 Ra8 24. Ra1 Rb8 25. Ra7 Nh6 26. Rfa1 Nf7 27. Qa2 Bf8
28. h4 Nf5 29. Na6 bxa6 30. Rxf7 Bd6 31. c5 Kg8 32. Ra7 d4 33. cxd6 Rxd6 34.
exd4 Rxb6 35. Rxa6 Rb8 36. Ra8 exd4 37. Rxb8 Qxb8 38. Qa8 Rd8 39. Qxb8 Rxb8 40.
Bd2 Rb3 41. Bf1 Kf7 42. Rc1 Rb6 43. Bg2 Rb3 44. Be4 Nd6 45. Rxc6 Nxe4 46. dxe4
Rb2 47. Bc1 Ra2 48. Kf1 Kf6 49. Bg5+ Ke5 50. Bf4+ Kxe4 51. Rxe6+ Kf3 52. Rd6
0-1

[Event "Mundial Juvenil 2005 s10"]
[Site "Belfort FRA"]
[Date "2005.07.21"]
[Round "3.14"]
[White "Bajarani, Ulvi"]
[Black "Rakotoniaina, Erwin"]
[Result "1-0"]
[WhiteElo "1599"]
[BlackElo "1599"]
[PlyCount "104"]
[EventDate "2005.07.19"]
[EventType "swiss"]
[EventRounds "11"]
[EventCountry "FRA"]
[Source "lmi"]
[SourceDate "2005.07.31"]

1. e4 c5 2. d4 cxd4 3. c3 d3 4. Bxd3 d6 5. h3 g6 6. Nf3 Bg7 7. O-O Nf6 8. Re1
Nc6 9. Nbd2 O-O 10. Nf1 a6 11. Ne3 b5 12. Nd5 e6 13. Nxf6+ Bxf6 14. a3 Bb7 15.
Bf4 e5 16. Be3 Rc8 17. Qe2 Na5 18. Rad1 Nc4 19. Bc1 Qe7 20. a4 Rfd8 21. axb5
axb5 22. Nd2 Nxd2 23. Rxd2 Bc6 24. Bxb5 Bxb5 25. Qxb5 Rb8 26. Qe2 Bg5 27. Rc2
Bxc1 28. Rcxc1 Rd7 29. Rcd1 Kg7 30. Rd2 Rdb7 31. Red1 Qc7 32. Rc2 Rb6 33. b4
Qc6 34. Qd3 Rb5 35. f3 f6 36. Qxd6 Qxd6 37. Rxd6 Rc8 38. Rdd2 Kf8 39. Kf2 Ke7
40. Ke1 h5 41. Kd1 h4 42. Kc1 Ke6 43. Kb2 Rb6 44. Rd5 f5 45. b5 g5 46. c4 Rf8
47. Re2 fxe4 48. Rxe4 Rf7 49. Kb3 Rd7 50. Rxd7 Kxd7 51. Kb4 Kc8 52. Kc5 Kc7 1-0

[Event "Mundial Juvenil 2005 s10"]
[Site "Belfort FRA"]
[Date "2005.07.21"]
[Round "3.15"]
[White "Martinez, Martin"]
[Black "Botha, Strydom"]
[Result "1-0"]
[WhiteElo "1599"]
[BlackElo "1599"]
[PlyCount "69"]
[EventDate "2005.07.19"]
[EventType "swiss"]
[EventRounds "11"]
[EventCountry "FRA"]
[Source "lmi"]
[SourceDate "2005.07.31"]

1. e4 c5 2. c3 d6 3. Nf3 Nf6 4. Be2 g6 5. O-O Bg7 6. Re1 O-O 7. d3 Nc6 8. h3
Be6 9. d4 cxd4 10. cxd4 Bd7 11. e5 dxe5 12. dxe5 Ne4 13. Bc4 Nc5 14. Nc3 h6 15.
a3 Ne6 16. Qc2 Ned4 17. Nxd4 Nxd4 18. Qxg6 b5 19. Bd5 e6 20. Qg4 exd5 21. Qxd4
Bc6 22. Qg4 Bd7 23. Qg3 Kh8 24. Nxd5 Bxh3 25. Qxh3 Qxd5 26. Bxh6 Bxh6 27. Qxh6+
Kg8 28. Qg5+ Kh8 29. Re3 Qe6 30. Qh5+ Kg8 31. Rg3+ Qg6 32. Rxg6+ fxg6 33. Qxg6+
Kh8 34. Rd1 Rg8 35. Qh6# 1-0

[Event "Mundial Juvenil 2005 s10"]
[Site "Belfort FRA"]
[Date "2005.07.21"]
[Round "3.16"]
[White "Cao, Jiajie"]
[Black "Saligo, Pieter"]
[Result "1/2-1/2"]
[WhiteElo "1599"]
[BlackElo "1599"]
[PlyCount "124"]
[EventDate "2005.07.19"]
[EventType "swiss"]
[EventRounds "11"]
[EventCountry "FRA"]
[Source "lmi"]
[SourceDate "2005.07.31"]

1. e4 c5 2. Nf3 d6 3. d4 cxd4 4. Nxd4 Nf6 5. Nc3 a6 6. Bg5 e6 7. f4 Be7 8. Qf3
Qc7 9. O-O-O Nbd7 10. g4 b5 11. Bxf6 Bxf6 12. g5 Bxd4 13. Rxd4 Bb7 14. Qd1 O-O
15. Rxd6 Nc5 16. Bg2 Rfd8 17. Rxd8+ Rxd8 18. Qg4 b4 19. Nd1 Bxe4 20. Bxe4 Nxe4
21. f5 exf5 22. Qxf5 Nd6 23. Qf4 Rc8 24. Ne3 a5 25. Rd1 Ne8 26. Qxc7 Rxc7 27.
Rd8 Kf8 28. Nf5 Rc6 29. Nxg7 Kxg7 30. Rxe8 Rc5 31. h4 Rc4 32. h5 Rc5 33. h6+
Kg6 34. Rg8+ Kh5 35. Rg7 Rxg5 36. Rxh7 Kg6 37. Rg7+ Kxh6 38. Rxf7 Rg1+ 39. Kd2
Rb1 40. Ra7 Rxb2 41. Rxa5 Rb1 42. c3 bxc3+ 43. Kxc3 Kg7 44. Rf5 Rb8 45. Kc4 Ra8
46. Rf2 Rb8 47. Kc5 Ra8 48. Kc6 Ra4 49. Kb5 Ra8 50. a4 Ra7 51. a5 Ra8 52. Kb6
Re8 53. Rc2 Rb8+ 54. Ka7 Rb3 55. a6 Kf7 56. Rc7+ Ke6 57. Rb7 Rh3 58. Ka8 Kd6
59. Rg7 Kc6 60. Rg8 Kb6 61. a7 Rh7 62. Rg6+ Kc7 1/2-1/2

[Event "Mundial Juvenil 2005 s10"]
[Site "Belfort FRA"]
[Date "2005.07.21"]
[Round "3.17"]
[White "Diloyan, Ara"]
[Black "Taminsyah, Aston"]
[Result "1-0"]
[WhiteElo "1599"]
[BlackElo "1599"]
[PlyCount "69"]
[EventDate "2005.07.19"]
[EventType "swiss"]
[EventRounds "11"]
[EventCountry "FRA"]
[Source "lmi"]
[SourceDate "2005.07.31"]

1. e4 d5 2. exd5 Qxd5 3. Nc3 Qa5 4. Bc4 c6 5. Nf3 Bg4 6. O-O e6 7. h3 Bh5 8. d4
Nf6 9. Bf4 Nbd7 10. Qd3 Bg6 11. Qe2 Bb4 12. Rae1 O-O-O 13. Rb1 Nb6 14. a3 Bxc3
15. bxc3 Nxc4 16. Qxc4 Nd5 17. Qb3 Qb6 18. Qc4 Qa5 19. Qb3 Qb6 20. Qc4 Qa5 21.
Bh2 Qxc3 22. Qa4 a6 23. Ne1 Qd2 24. Qb3 b5 25. c4 Bxb1 26. cxd5 Ba2 27. Qg3 Qa5
28. Qb8+ Kd7 29. Qb7+ Ke8 30. Bc7 Rd7 31. Qc8+ Ke7 32. d6+ Rxd6 33. Bxd6+ Kxd6
34. Qxh8 Bc4 35. Qf8+ 1-0

[Event "Mundial Juvenil 2005 s10"]
[Site "Belfort FRA"]
[Date "2005.07.21"]
[Round "3.18"]
[White "Gonzalez Meneses, Kevin Moises"]
[Black "Zakhia-Sheehi, Jadd Antonius"]
[Result "1-0"]
[WhiteElo "1599"]
[BlackElo "1599"]
[PlyCount "87"]
[EventDate "2005.07.19"]
[EventType "swiss"]
[EventRounds "11"]
[EventCountry "FRA"]
[Source "lmi"]
[SourceDate "2005.07.31"]

1. e4 e5 2. Nf3 Nc6 3. Bb5 d6 4. d4 exd4 5. Nxd4 Bd7 6. Nc3 Nf6 7. O-O Be7 8.
Nxc6 bxc6 9. Bd3 O-O 10. f4 d5 11. e5 Ng4 12. h3 Bc5+ 13. Kh1 Nf2+ 14. Rxf2
Bxf2 15. Qf3 Bd4 16. Bxh7+ Kxh7 17. Qd3+ Kg8 18. Qxd4 Bf5 19. Qf2 f6 20. exf6
Qxf6 21. Be3 a6 22. Bd4 Qh6 23. Be5 Rf7 24. Rf1 Rb8 25. b3 Re8 26. Kh2 Bxc2 27.
Re1 Bf5 28. Bxg7 Qxg7 29. Rxe8+ Rf8 30. Rxf8+ Qxf8 31. Qg3+ Qg7 32. Qxg7+ Kxg7
33. g4 d4 34. Nd1 Bc2 35. Nb2 d3 36. Nc4 Bb1 37. a3 Ba2 38. Nd2 a5 39. a4 c5
40. Kg3 c6 41. Kf3 Kg6 42. Ke3 Kf6 43. Kxd3 Kg7 44. Kc3 1-0

[Event "Mundial Juvenil 2005 s10"]
[Site "Belfort FRA"]
[Date "2005.07.21"]
[Round "3.19"]
[White "Yeap, Eng Chiam"]
[Black "Kaminski, Thomas"]
[Result "1-0"]
[WhiteElo "1599"]
[BlackElo "1599"]
[PlyCount "57"]
[EventDate "2005.07.19"]
[EventType "swiss"]
[EventRounds "11"]
[EventCountry "FRA"]
[Source "lmi"]
[SourceDate "2005.07.31"]

1. e4 d5 2. exd5 Qxd5 3. Nc3 Qa5 4. d4 Nf6 5. Nf3 c6 6. Bd3 Bg4 7. a3 Qh5 8.
Be2 Nbd7 9. Bf4 e6 10. h3 Be7 11. Bh2 Bxf3 12. Bxf3 Qa5 13. O-O O-O 14. Qd2 e5
15. Rad1 Rad8 16. Nd5 Qxd2 17. Nxe7+ Kh8 18. Rxd2 Rfe8 19. dxe5 Rxe7 20. exf6
gxf6 21. Bg4 Kg8 22. Bf4 h5 23. Bf5 Kg7 24. Rfd1 c5 25. Rxd7 Rdxd7 26. Rxd7
Re1+ 27. Kh2 Re2 28. Kg3 Rxc2 29. Bxc2 1-0

[Event "Mundial Juvenil 2005 s10"]
[Site "Belfort FRA"]
[Date "2005.07.21"]
[Round "3.20"]
[White "Roberts, Marcel Jude"]
[Black "Moussard, Jules"]
[Result "0-1"]
[WhiteElo "1599"]
[BlackElo "2054"]
[PlyCount "138"]
[EventDate "2005.07.19"]
[EventType "swiss"]
[EventRounds "11"]
[EventCountry "FRA"]
[Source "lmi"]
[SourceDate "2005.07.31"]

1. e4 g6 2. d4 Bg7 3. Nc3 d6 4. Nf3 a6 5. Be3 Nd7 6. Bc4 e6 7. O-O b5 8. Bb3
Bb7 9. Re1 b4 10. Nb1 Ne7 11. Nbd2 O-O 12. c3 a5 13. Bg5 h6 14. Bh4 Qe8 15. Rc1
c5 16. Nc4 Nc8 17. Bg3 Qe7 18. e5 d5 19. Nd6 Nxd6 20. exd6 Qd8 21. Ne5 c4 22.
Bc2 Nf6 23. h3 Ne8 24. d7 Nf6 25. Ba4 Kh7 26. Bh4 g5 27. Bg3 Kg8 28. Bh2 Qe7
29. Bb5 Ne4 30. f3 Nd6 31. Ba4 Nf5 32. Re2 Ra6 33. Bc2 Nd6 34. Qe1 bxc3 35.
bxc3 Bc6 36. Nxc6 Rxc6 37. Ba4 Rb6 38. Rb1 Rfb8 39. Rxb6 Rxb6 40. Qc1 Nb5 41.
Rb2 Qxd7 42. Bg3 Qb7 43. Bf2 Nd6 44. Rxb6 Qxb6 45. Bc2 Bf6 46. Qa3 Nb5 47. Qb2
Bd8 48. a4 Nd6 49. Qxb6 Bxb6 50. Kf1 f5 51. g3 Kf7 52. Ke2 Kf6 53. Be3 Bc7 54.
g4 Ne8 55. Bc1 Bd6 56. Kf2 Ng7 57. Kg2 h5 58. Bd2 e5 59. gxf5 Nxf5 60. Bxf5
Kxf5 61. Kf2 Be7 62. Be3 e4 63. Bd2 exf3 64. Kxf3 Bd6 65. Be1 Bf4 66. Kg2 Ke4
67. Kf2 Kd3 68. Kf3 Bd2 69. Bg3 Bxc3 0-1

[Event "Mundial Juvenil 2005 s10"]
[Site "Belfort FRA"]
[Date "2005.07.22"]
[Round "4.1"]
[White "Naroditsky, Daniel"]
[Black "Cori, Jorge"]
[Result "1-0"]
[WhiteElo "1599"]
[BlackElo "2080"]
[PlyCount "55"]
[EventDate "2005.07.19"]
[EventType "swiss"]
[EventRounds "11"]
[EventCountry "FRA"]
[Source "lmi"]
[SourceDate "2005.07.31"]

1. e4 c5 2. c3 d5 3. exd5 Qxd5 4. d4 Nc6 5. Nf3 Bg4 6. Be2 e6 7. O-O O-O-O 8.
Be3 cxd4 9. cxd4 Bb4 10. Nc3 Qd6 11. Rc1 a6 12. Qa4 Bxf3 13. Bxf3 Nge7 14. Ne4
Qc7 15. Ng5 Nd5 16. Bxd5 Rxd5 17. Rxc6 bxc6 18. Qxb4 Rb5 19. Qc3 Rd8 20. Rc1
Kb7 21. g3 h6 22. Nxf7 Rc8 23. Ne5 Qa5 24. Qc4 Rxb2 25. Nxc6 Qc7 26. Na5+ Kb6
27. Ra1 Ra8 28. Bc1 1-0

[Event "Mundial Juvenil 2005 s10"]
[Site "Belfort FRA"]
[Date "2005.07.22"]
[Round "4.2"]
[White "Bukavshin, Ivan"]
[Black "Alcaraz Ortega, Javier"]
[Result "1/2-1/2"]
[WhiteElo "2029"]
[BlackElo "1599"]
[PlyCount "113"]
[EventDate "2005.07.19"]
[EventType "swiss"]
[EventRounds "11"]
[EventCountry "FRA"]
[Source "lmi"]
[SourceDate "2005.07.31"]

1. e4 e6 2. d4 d5 3. Nd2 dxe4 4. Nxe4 Bd7 5. Nf3 Bc6 6. Bd3 Bxe4 7. Bxe4 c6 8.
O-O Nf6 9. Bd3 Bd6 10. Ne5 Nbd7 11. Qe2 Qc7 12. f4 O-O 13. Be3 c5 14. Nxd7 Nxd7
15. Kh1 Rad8 16. Rad1 Nf6 17. c4 Rfe8 18. Rde1 Be7 19. dxc5 Bxc5 20. Rf3 Bxe3
21. Qxe3 Qa5 22. Bb1 Rd2 23. b3 Red8 24. h3 Rb2 25. Rf2 Rxf2 26. Qxf2 Rd2 27.
Qe3 a6 28. Kh2 Qd8 29. Kg1 g6 30. Kf1 Nh5 31. a3 Qd6 32. Be4 Nxf4 33. c5 Nxg2
34. cxd6 Nxe3+ 35. Rxe3 Rxd6 36. Bxb7 f5 37. b4 Kf7 38. Ke2 Kf6 39. Rc3 Rb6 40.
Rc7 h6 41. Ba8 g5 42. Ra7 h5 43. Rb7 Rd6 44. a4 g4 45. hxg4 hxg4 46. b5 Rd4 47.
b6 f4 48. Rc7 Rb4 49. b7 Rb2+ 50. Kf1 Rb1+ 51. Ke2 Rb2+ 52. Kd3 g3 53. Rc1 f3
54. Ke3 Rb3+ 55. Kf4 f2 56. b8=Q Rxb8 57. Ke4 1/2-1/2

[Event "Mundial Juvenil 2005 s10"]
[Site "Belfort FRA"]
[Date "2005.07.22"]
[Round "4.4"]
[White "Qu, Ziyuan"]
[Black "Biazliudau, Stanislau"]
[Result "0-1"]
[WhiteElo "2242"]
[BlackElo "1599"]
[PlyCount "106"]
[EventDate "2005.07.19"]
[EventType "swiss"]
[EventRounds "11"]
[EventCountry "FRA"]
[Source "lmi"]
[SourceDate "2005.07.31"]

1. e4 e6 2. d4 d5 3. e5 c5 4. c3 Nc6 5. Nf3 Qb6 6. a3 Nh6 7. Be2 Nf5 8. dxc5
Bxc5 9. O-O O-O 10. b4 Be7 11. g4 Nh4 12. Bf4 Nxf3+ 13. Bxf3 Qc7 14. Re1 Bd8
15. Bg3 b6 16. c4 Ne7 17. cxd5 Nxd5 18. Bxd5 exd5 19. Qxd5 Bb7 20. Qd6 Qc4 21.
e6 fxe6 22. Nd2 Qxg4 23. Qxe6+ Qxe6 24. Rxe6 Bf6 25. Rb1 Rad8 26. Nf1 Rd3 27.
Re3 Rfd8 28. a4 Rd1 29. Re8+ Rxe8 30. Rxd1 Re4 31. Rd7 Bc6 32. Rxa7 Rxb4 33.
Bc7 Bxa4 34. Bxb6 Bb5 35. Ra8+ Kf7 36. Rf8+ Kxf8 37. Bc5+ Be7 38. Bxb4 Bxb4 39.
Ne3 Kf7 40. Kg2 Kg6 41. Kg3 Bd6+ 42. Kg2 Kg5 43. Nc2 Bc5 44. Ne1 Kf4 45. Kg1 h5
46. h3 g5 47. Kg2 Bc6+ 48. Kg1 Be4 49. Kf1 Bb4 50. Ng2+ Bxg2+ 51. Kxg2 Bc5 52.
f3 Be3 53. h4 g4 0-1

[Event "Mundial Juvenil 2005 s10"]
[Site "Belfort FRA"]
[Date "2005.07.22"]
[Round "4.5"]
[White "Sanchez Ibern, Marc"]
[Black "Diloyan, Ara"]
[Result "0-1"]
[WhiteElo "1914"]
[BlackElo "1599"]
[PlyCount "68"]
[EventDate "2005.07.19"]
[EventType "swiss"]
[EventRounds "11"]
[EventCountry "FRA"]
[Source "lmi"]
[SourceDate "2005.07.31"]

1. e4 c5 2. Nc3 d6 3. g3 e6 4. Bg2 g6 5. d3 Bg7 6. Be3 Ne7 7. Qd2 O-O 8. Bh6 d5
9. h4 dxe4 10. Bxe4 Nf5 11. Bxf5 exf5 12. h5 Re8+ 13. Nge2 Bxc3 14. bxc3 Nc6
15. hxg6 fxg6 16. Bg5 Qd5 17. Rh6 Ne5 18. Kf1 Ng4 19. Nf4 Qf3 20. Rh4 Bd7 21.
c4 Bc6 22. Nd5 Rad8 23. Qf4 Bxd5 24. Qxf3 Bxf3 25. Bxd8 Rxd8 26. Re1 Rd7 27.
Re8+ Kg7 28. Re1 h5 29. Re8 Kf7 30. Re1 Re7 31. a3 Bg2+ 32. Kxg2 Rxe1 33. f3
Re2+ 34. Kf1 Rf2+ 0-1

[Event "Mundial Juvenil 2005 s10"]
[Site "Belfort FRA"]
[Date "2005.07.22"]
[Round "4.6"]
[White "Dragun, Kamil"]
[Black "Eng, Andre Jerome"]
[Result "0-1"]
[WhiteElo "1844"]
[BlackElo "1599"]
[PlyCount "110"]
[EventDate "2005.07.19"]
[EventType "swiss"]
[EventRounds "11"]
[EventCountry "FRA"]
[Source "lmi"]
[SourceDate "2005.07.31"]

1. Nf3 c5 2. b3 d5 3. e3 Nc6 4. Bb2 Nf6 5. Bb5 Bd7 6. Bxc6 Bxc6 7. O-O e6 8.
Ne5 Bd6 9. f4 O-O 10. d3 Qe7 11. Nd2 Nd7 12. Nxc6 bxc6 13. Qg4 f6 14. e4 e5 15.
f5 Rfd8 16. Rae1 Bc7 17. Rf3 Nf8 18. Re2 Bb6 19. Kh1 Rd7 20. Ba3 Qf7 21. Bb2
Rad8 22. a4 c4 23. g3 cxb3 24. Nxb3 a5 25. Rf1 c5 26. Ba3 c4 27. Nc5 Bxc5 28.
Bxc5 cxd3 29. cxd3 dxe4 30. dxe4 Rb7 31. Rc2 Rc8 32. Rfc1 Rbc7 33. Qe2 Qb3 34.
Rc3 Qxa4 35. Bb4 Rxc3 36. Bxc3 Rxc3 37. Rxc3 Qa1+ 38. Kg2 Qxc3 39. Qa2+ Kh8 40.
Qf7 Qb4 41. Qa2 Qxe4+ 42. Kg1 Qxf5 43. Qxa5 Kg8 44. Qd5+ Qe6 45. Qa5 Kf7 46.
Qc7+ Nd7 47. Qc3 e4 48. Qc2 e3 49. Kf1 f5 50. Ke2 Qe4 51. Qc7 Qe6 52. Qc2 Nf6
53. Qc7+ Kg6 54. Qc2 Qe4 55. Qc5 Qg2+ 0-1

[Event "Mundial Juvenil 2005 s10"]
[Site "Belfort FRA"]
[Date "2005.07.22"]
[Round "4.7"]
[White "Gonzalez Meneses, Kevin Moises"]
[Black "Rishi, Thariani"]
[Result "1-0"]
[WhiteElo "1599"]
[BlackElo "1785"]
[PlyCount "99"]
[EventDate "2005.07.19"]
[EventType "swiss"]
[EventRounds "11"]
[EventCountry "FRA"]
[Source "lmi"]
[SourceDate "2005.07.31"]

1. e4 c5 2. Nf3 d6 3. d4 cxd4 4. Nxd4 Nf6 5. Nc3 g6 6. Be2 Bg7 7. Be3 Nc6 8.
O-O O-O 9. Nb3 Be6 10. f4 Rc8 11. f5 Bd7 12. fxg6 hxg6 13. Kh1 a6 14. a4 Ne5
15. Nd2 Kh7 16. Bd4 Nc6 17. Bxf6 Bxf6 18. Nd5 Bg7 19. Nf3 f6 20. Qe1 Rh8 21.
Bc4 g5 22. Qe3 Kg6 23. e5 dxe5 24. Qe4+ Kh6 25. Ne3 Bf8 26. Bf7 f5 27. Nxf5+
Bxf5 28. Qxf5 Qd6 29. Qxc8 Kg7 30. Nxg5 e4 31. h3 Nd8 32. Qg4 Kh6 33. Ne6 Nxf7
34. Rxf7 Qe5 35. Nxf8 Rxf8 36. Rxf8 Qg7 37. Qf4+ Kg6 38. Qg4+ Kh6 39. Qxg7+
Kxg7 40. Raf1 e3 41. R8f3 e2 42. Re1 Kg6 43. Rxe2 e5 44. Rxe5 Kg7 45. Rg5+ Kh6
46. Rg4 b5 47. Rf8 Kh7 48. axb5 axb5 49. b4 Kh6 50. Rh8# 1-0

[Event "Mundial Juvenil 2005 s10"]
[Site "Belfort FRA"]
[Date "2005.07.22"]
[Round "4.8"]
[White "Vasile, Claudiu Daniel"]
[Black "Nikologorskiy, Konstantin"]
[Result "1/2-1/2"]
[WhiteElo "1694"]
[BlackElo "1599"]
[PlyCount "134"]
[EventDate "2005.07.19"]
[EventType "swiss"]
[EventRounds "11"]
[EventCountry "FRA"]
[Source "lmi"]
[SourceDate "2005.07.31"]

1. e4 c5 2. Nf3 d6 3. d4 cxd4 4. Nxd4 Nf6 5. Nc3 a6 6. Be3 e5 7. Nf3 Be7 8. Bc4
O-O 9. O-O b5 10. Bd5 Nxd5 11. Qxd5 Nc6 12. Qxc6 Rb8 13. Qd5 Be6 14. Qd2 f5 15.
exf5 Rxf5 16. Ne4 d5 17. Ng3 Rf8 18. Nxe5 Qc7 19. Nf3 Rbc8 20. c3 h6 21. Nd4
Bd7 22. Qd3 Qe5 23. Rad1 Bg4 24. Rde1 Qf6 25. Nde2 Rcd8 26. Nd4 Kh8 27. f3 Bc8
28. Nh5 Qf7 29. Nf4 Rd6 30. Nfe2 Rg6 31. Ng3 Bd6 32. Bf2 Bd7 33. Nc2 Rg5 34.
Kh1 h5 35. Be3 Re5 36. f4 Ree8 37. Rd1 h4 38. Qxd5 hxg3 39. Qxf7 Rxf7 40. Rxd6
Bf5 41. Nd4 Rxe3 42. Nxf5 Rxf5 43. hxg3 Rxg3 44. Rxa6 Rd5 45. Rf2 Re3 46. Ra5
Re4 47. f5 Kg8 48. a4 Rd1+ 49. Kh2 bxa4 50. Kg3 Rd3+ 51. Rf3 Rd2 52. Rf2 Re3+
53. Kf4 Rxf2+ 54. Kxe3 Rxb2 55. Rxa4 Rxg2 56. Ra7 Rg3+ 57. Kd4 Rf3 58. Ra5 Rf1
59. c4 Kf7 60. Ke5 Re1+ 61. Kd6 Kf6 62. c5 Rd1+ 63. Kc7 Kxf5 64. c6+ Kf4 65.
Rb5 g5 66. Kb7 Rd4 67. c7 Rd7 1/2-1/2

[Event "Mundial Juvenil 2005 s10"]
[Site "Belfort FRA"]
[Date "2005.07.22"]
[Round "4.9"]
[White "Martinez, Martin"]
[Black "Bajarani, Ulvi"]
[Result "0-1"]
[WhiteElo "1599"]
[BlackElo "1599"]
[PlyCount "92"]
[EventDate "2005.07.19"]
[EventType "swiss"]
[EventRounds "11"]
[EventCountry "FRA"]
[Source "lmi"]
[SourceDate "2005.07.31"]

1. e4 d5 2. exd5 Qxd5 3. Nc3 Qa5 4. d4 Nf6 5. Bd2 c6 6. Bd3 Nbd7 7. Qe2 e6 8.
Nf3 Bb4 9. O-O O-O 10. Ne5 Bxc3 11. Bxc3 Qc7 12. Bb4 Re8 13. c4 a5 14. Ba3 b6
15. g4 g6 16. h4 Bb7 17. g5 Nxe5 18. dxe5 Nh5 19. Bd6 Qc8 20. Qe3 c5 21. Be4
Bxe4 22. Qxe4 Ra7 23. a3 a4 24. Rfb1 Qa8 25. Qxa8 Raxa8 26. b4 axb3 27. Rxb3
Ra4 28. Rxb6 Rxc4 29. a4 Rg4+ 30. Kf1 Rxh4 31. Ke2 Nf4+ 32. Kd2 Nd5 33. Rb7
Rd4+ 34. Kc2 Nb4+ 35. Kc3 Nd5+ 36. Kb3 c4+ 37. Kc2 c3 38. Rd1 Rxa4 39. Rxd5
exd5 40. e6 fxe6 41. Be5 Re4 42. Bf6 Rf4 43. Rg7+ Kf8 44. Rxh7 Rxf6 45. gxf6 d4
46. f7 Re7 0-1

[Event "Mundial Juvenil 2005 s10"]
[Site "Belfort FRA"]
[Date "2005.07.22"]
[Round "4.10"]
[White "Balacek, Tadeas"]
[Black "Yeap, Eng Chiam"]
[Result "0-1"]
[WhiteElo "1599"]
[BlackElo "1599"]
[PlyCount "56"]
[EventDate "2005.07.19"]
[EventType "swiss"]
[EventRounds "11"]
[EventCountry "FRA"]
[Source "lmi"]
[SourceDate "2005.07.31"]

1. e4 c5 2. Nf3 Nc6 3. d4 cxd4 4. Nxd4 Nf6 5. Nc3 g6 6. Bc4 Bg7 7. O-O O-O 8.
Re1 a6 9. Nb3 d6 10. f3 Bd7 11. Be3 Rc8 12. Qd2 Ne5 13. Bf1 Nc4 14. Bxc4 Rxc4
15. Bh6 b5 16. Bxg7 Kxg7 17. a3 Be6 18. Rad1 Qc7 19. Nd4 Rc8 20. Nxe6+ fxe6 21.
Re2 Nd7 22. Rde1 a5 23. Kf1 b4 24. axb4 axb4 25. Nb5 Qc5 26. b3 Rxc2 27. Qd4+
e5 28. Rxc2 Qxb5+ 0-1

[Event "Mundial Juvenil 2005 s10"]
[Site "Belfort FRA"]
[Date "2005.07.22"]
[Round "4.11"]
[White "Karnati, Harsh"]
[Black "Ton-That, Nicolas"]
[Result "1-0"]
[WhiteElo "1889"]
[BlackElo "1599"]
[PlyCount "71"]
[EventDate "2005.07.19"]
[EventType "swiss"]
[EventRounds "11"]
[EventCountry "FRA"]
[Source "lmi"]
[SourceDate "2005.07.31"]

1. d4 Nf6 2. e3 g6 3. Bd3 d5 4. f4 Bg7 5. Nf3 Bg4 6. O-O Nbd7 7. Nbd2 O-O 8. h3
Bxf3 9. Nxf3 c5 10. c3 c4 11. Bc2 b5 12. Ne5 Nb6 13. Qf3 Qd6 14. Bd2 a5 15. g4
b4 16. g5 Nfd7 17. e4 e6 18. h4 f5 19. exd5 exd5 20. h5 bxc3 21. bxc3 Nxe5 22.
fxe5 Qe6 23. Rab1 Rfb8 24. Rf2 Nd7 25. Bc1 Rxb1 26. Bxb1 Rb8 27. Bc2 Nb6 28.
hxg6 hxg6 29. Rh2 Kf7 30. Ba3 Rh8 31. Rxh8 Bxh8 32. Kf2 Bg7 33. Qh1 Nd7 34. Ba4
Nb6 35. Bc2 Ke8 36. Qf3 1-0

[Event "Mundial Juvenil 2005 s10"]
[Site "Belfort FRA"]
[Date "2005.07.22"]
[Round "4.12"]
[White "Moussard, Jules"]
[Black "Lapidus, Mark"]
[Result "1-0"]
[WhiteElo "2054"]
[BlackElo "1599"]
[PlyCount "49"]
[EventDate "2005.07.19"]
[EventType "swiss"]
[EventRounds "11"]
[EventCountry "FRA"]
[Source "lmi"]
[SourceDate "2005.07.31"]

1. e4 e6 2. d4 d5 3. Nc3 Bb4 4. Nge2 dxe4 5. a3 Be7 6. Nxe4 Nf6 7. N2g3 O-O 8.
c3 Nbd7 9. Be3 Nxe4 10. Nxe4 Nf6 11. Nxf6+ Bxf6 12. Bd3 Bd7 13. Qc2 g6 14.
O-O-O b5 15. Be4 c6 16. h4 a5 17. h5 Qe7 18. hxg6 fxg6 19. Bh6 Bg5+ 20. Kb1
Bxh6 21. Rxh6 Be8 22. Rdh1 Rf7 23. Bxg6 hxg6 24. Qxg6+ Rg7 25. Rh8# 1-0

[Event "Mundial Juvenil 2005 s10"]
[Site "Belfort FRA"]
[Date "2005.07.22"]
[Round "4.13"]
[White "Loiseau, Quentin"]
[Black "Fernandez, Daniel Howard"]
[Result "0-1"]
[WhiteElo "1599"]
[BlackElo "1871"]
[PlyCount "74"]
[EventDate "2005.07.19"]
[EventType "swiss"]
[EventRounds "11"]
[EventCountry "FRA"]
[Source "lmi"]
[SourceDate "2005.07.31"]

1. e4 c5 2. Nc3 Nc6 3. f4 g6 4. Nf3 Bg7 5. d3 e6 6. g3 d5 7. Bg2 Nge7 8. O-O
O-O 9. Qe1 Rb8 10. g4 b5 11. Qh4 c4 12. f5 f6 13. Bh6 b4 14. Ne2 exf5 15. Bxg7
Kxg7 16. gxf5 cxd3 17. cxd3 gxf5 18. exd5 Nxd5 19. Nfd4 Nxd4 20. Nxd4 Ne7 21.
Qg3+ Kh8 22. Qxb8 Qxd4+ 23. Kh1 Rg8 24. Qf4 Qxb2 25. Qf2 Qe5 26. Rae1 Qd6 27.
Qxa7 Be6 28. Rf2 Ng6 29. Qe3 Ne5 30. h3 Nxd3 31. Rd2 Bd5 32. Ree2 Be4 33. Bxe4
fxe4 34. Qxe4 Qg3 35. Qg2 Qf4 36. Qxg8+ Kxg8 37. Rxd3 Qf1+ 0-1

[Event "Mundial Juvenil 2005 s10"]
[Site "Belfort FRA"]
[Date "2005.07.22"]
[Round "4.14"]
[White "Saligo, Pieter"]
[Black "Khosla, Shiven"]
[Result "0-1"]
[WhiteElo "1599"]
[BlackElo "1832"]
[PlyCount "52"]
[EventDate "2005.07.19"]
[EventType "swiss"]
[EventRounds "11"]
[EventCountry "FRA"]
[Source "lmi"]
[SourceDate "2005.07.31"]

1. d4 d5 2. Nf3 e6 3. Bf4 f5 4. e3 Nf6 5. c3 Be7 6. Be2 O-O 7. O-O Ne4 8. Nbd2
Nd7 9. h3 b6 10. Qc2 Bb7 11. Ne5 Bd6 12. Nxd7 Qxd7 13. Bxd6 Qxd6 14. Nf3 Rf6
15. Ne5 Raf8 16. Bf3 f4 17. exf4 Rxf4 18. Qe2 c5 19. Nd3 Ba6 20. Qd1 Rxf3 21.
gxf3 Ng5 22. Ne5 Nxh3+ 23. Kg2 Nf4+ 24. Kh1 Qe7 25. Ng4 Qh4+ 26. Nh2 Be2 0-1